[Event "Famalicao op 1st"]
[Site "Famalicao"]
[Date "2013.08.26"]
[Round "1.20"]
[White "Oliveira, Maria Elisa Ramos"]
[Black "Silva, Fernando Alberto Fr"]
[Result "0-1"]
[WhiteElo "1102"]
[BlackElo "1713"]
[PlyCount "70"]
[EventDate "2013.08.26"]
[EventType "swiss"]
[EventRounds "9"]
[EventCountry "POR"]
[SourceTitle "EXT 2015"]
[Source "ChessBase"]
[SourceDate "2014.11.20"]
[SourceVersion "1"]
[SourceVersionDate "2014.11.20"]
[SourceQuality "1"]

1. e4 d5 2. exd5 Qxd5 3. Nc3 Qa5 4. Bc4 Nf6 5. d3 c6 6. Bd2 Qc7 7. Nge2 a5 8. a3 e6 9. Ng3 Be7 10. 0-0 b5 11. Ba2 Bb7 12. Qf3 0-0 13. Nh5 Nbd7 14. Bg5 Rfe8 15. Ne2 Nxh5 16. Qxh5 Qe5 17. f4 Qxb2 18. c4 Qxa3 19. cxb5 cxb5 20. d4 Nf6 21. Bxf6 Bxf6 22. Bb1 Qe3+ 23. Kh1 g6 24. Qxb5 Ba6 25. Rf3 Qxf3 26. Qxe8+ Rxe8 27. gxf3 Bxe2 28. Be4 Bd8 29. Bc6 Re7 30. Rb1 Kg7 31. Rb8 Bc7 32. Rb7 Bd6 33. Rb2 Bc4 34. Kg2 Rc7 35. Be4 a4 0-1

[Event "Famalicao op 1st"]
[Site "Famalicao"]
[Date "2013.08.26"]
[Round "2.7"]
[White "Silva, Fernando Alberto Fr"]
[Black "Oliveira, Maria Ines"]
[Result "0-1"]
[WhiteElo "1713"]
[BlackElo "1989"]
[PlyCount "46"]
[EventDate "2013.08.26"]
[EventType "swiss"]
[EventRounds "9"]
[EventCountry "POR"]
[SourceTitle "EXT 2015"]
[Source "ChessBase"]
[SourceDate "2014.11.20"]
[SourceVersion "1"]
[SourceVersionDate "2014.11.20"]
[SourceQuality "1"]

1. e4 c5 2. Nf3 e6 3. d4 cxd4 4. Nxd4 Nc6 5. Be3 Nf6 6. Nc3 Qc7 7. h3 a6 8. g4 Bb4 9. Nxc6 Qxc6 10. Bg2 Bxc3+ 11. bxc3 Qxc3+ 12. Bd2 Qc4 13. Rb1 a5 14. f3 0-0 15. Rb3 a4 16. Bf1 Qc7 17. Rb4 Qg3+ 18. Ke2 d5 19. Be1 Qc7 20. g5 Nh5 21. c3 Bd7 22. Qd4 e5 23. Qxd5 Nf4+ 0-1